Síntesis y estudios estructurales y espectroscópicos de ftalocianinatos de manganeso /
Guardado en:
| Autor Principal: | |
|---|---|
| Formato: | Libro |
| Idioma: | Spanish |
| Publicado: |
1995.
|
| Materias: | |
| Etiquetas: |
Agregar Etiqueta
Sin Etiquetas, Sea el primero en etiquetar este registro!
|
| LEADER | 00668nam a22001935a 4500 | ||
|---|---|---|---|
| 001 | EUN.um056119 | ||
| 008 | 041125s1995####ag#a#####bm###000#0#spa#d | ||
| 005 | 20180702085841.0 | ||
| 245 | 1 | 0 | |a Síntesis y estudios estructurales y espectroscópicos de ftalocianinatos de manganeso / |c Oscar V. Quinzani. |
| 260 | |c 1995. | ||
| 300 | |a 2 v. : |b il. ; |c 29,5 cm.. | ||
| 502 | |a Tesis--Universidad Nacional del Sur, 1996. | ||
| 504 | |a Incluye referencias bibliográficas. | ||
| 100 | 1 | |a Quinzani, Oscar V. | |
| 082 | 0 | 4 | |a 040 |
| 082 | 0 | 4 | |a 547.2 |
| 653 | |a Quimica organica | ||
| 653 | |a Sintesis quimica | ||
| 859 | |a Ar-BaUNS |b BIB. CENTRAL - Tesis |h 040 |i B148 1995-296 |k R |p 104975/996 |v v.2 |3 v.2 | ||
